Applying UML and patterns : an introduction to object-oriented analysis and design

Αποθηκεύτηκε σε:
Λεπτομέρειες βιβλιογραφικής εγγραφής
Κύριος συγγραφέας: Larman, Craig
Μορφή: Βιβλίο
Γλώσσα:English
Δημοσίευση: Upper Saddle River, NJ. : Prentice Hall PTR, c1998
Θέματα:
Ετικέτες: Προσθήκη ετικέτας
Δεν υπάρχουν, Καταχωρήστε ετικέτα πρώτοι!

MARC

LEADER 00000nam a2200000 i 4500
001 1/91139
008 991101s1998 eng d
020 |a 0137488807 
035 |l 10053444 
040 |a GR-MY-UA  |b gre  |e aacr 
041 0 |a eng 
082 0 |a 005.117 
100 0 |a Larman, Craig. 
245 1 0 |a Applying UML and patterns :  |b an introduction to object-oriented analysis and design /  |c Craig Larman 
260 |a Upper Saddle River, NJ. :   |b Prentice Hall PTR,   |c c1998 
300 |a xix, 507 p.;  |b ill.;  |c 27 cm. 
504 |a Includes bibliographical references and index 
650 0 0 |a Object-oriented methods (Computer science) 
650 0 0 |a UML (Computer science) 
650 0 0 |a System design. 
650 0 0 |a System analysis. 
852 |a INST  |b SAMOS  |e 19991101  |h 005.117 LAR  |p 005300016859  |q 005300016859  |t BK  |y 23 
852 |a INST  |b SAMOS  |e 20010124  |h 005.117 LAR  |p 005300022273  |q 005300022273  |t BK  |y 0 
852 |a INST  |b SAMOS  |e 20010124  |h 005.117 LAR  |p 005300022274  |q 005300022274  |t BK  |y 0 
852 |a INST  |b SAMOS  |e 20010124  |h 005.117 LAR  |p 005300022275  |q 005300022275  |t BK  |y 0 
901 |a BIBL3-2001-1 
901 |a BIBL3-1999-3 
909 |a Σ  |b 081654 
909 |a Σ  |b 081656 
909 |a Σ  |b 081655 
909 |a Σ  |b 068420 
922 |a 3ΕΛΗ  |b 200008  |c ΤΠΕΣ/ΠΟΛ2  |d LEADER 
922 |a 3ΕΛΗ  |b 199909  |c ΤΠΕΣ  |d ΠΑΠΑΣΩΤΗΡΙΟΥ 
970 |a ΓΕΝΟΥΖΟΥ  |b ΧΡΥΣΑΝΘΗ  |z 1999/11/01